000
00303nam a2200121Ia 4500
008
171211s9999 xx 000 0 und d
020
_a
9780323341127
100
_a
Patton, Kevin T.
245
_a
Structure & Function of the Body
250
_a
XV
260
_b
Elsivier Inc.
_c
2016
300
_a
503 pages
999
_c
350948
_d
350948